00566nam a2200181Ia 4500003000900000005001700009008004100026020002200067040002800089041000800117082003800125100001800163245005700181260004500238300001800283490001800301650006500319DO-SdBJH20190607153231.0171116s9999 dr 000 0 spa d a978-84-08-11926-5 aDO-SdBJHbspacDO-SdBJH bspa a909.82 b C548n 20151 aChomsky, Noam10aEl nuevo orden mundial (y el viejo) / cNoam Chomsky aBarcelona España :b Crítica, c2015 a386 páginas aAustrtal, 820 4a Política mundial y economía internacional, 1945-1989